A. WESLEY POWELL LEARNING RESOURCE CENTRE (WPLRC)

Wonderful Place to Learn, Research & Collaborate

Basic medical laboratory techniques / (Record no. 8463)

MARC details
000 -LEADER
fixed length control field 01465pam a2200361 a 4500
001 - ACCESSION NUMBER
control field 40343
003 - CONTROL NUMBER IDENTIFIER
control field OSt
005 - DATE AND TIME OF LATEST TRANSACTION
control field 20171215114758.0
008 - FIXED-LENGTH DATA ELEMENTS--GENERAL INFORMATION
fixed length control field 950222s1996 nyuaf b 001 0 eng c
020 ## - INTERNATIONAL STANDARD BOOK NUMBER
International Standard Book Number 0827362250.
040 ## - CATALOGING SOURCE
Original cataloging agency DNLM/DLC
Transcribing agency DLC
Modifying agency DLC
050 10 - LIBRARY OF CONGRESS CALL NUMBER
Classification number RB37
Item number .W25 1996
060 10 - NATIONAL LIBRARY OF MEDICINE CALL NUMBER
Classification number QY 25 W235b 1995
082 00 - DEWEY DECIMAL CLASSIFICATION NUMBER
Classification number 616.07'5/WAL
Edition number 20
100 1# - MAIN ENTRY--PERSONAL NAME
Personal name Walters, Norma J.
245 10 - TITLE STATEMENT
Title Basic medical laboratory techniques /
Statement of responsibility, etc. Norma J. Walters, Barbara H. Estridge, Anna P. Reynolds.
250 ## - EDITION STATEMENT
Edition statement 3rd ed.
260 ## - PUBLICATION, DISTRIBUTION, ETC. (IMPRINT)
Place of publication, distribution, etc. Albany :
Name of publisher, distributor, etc. Delmar Publishers,
Date of publication, distribution, etc. c1996.
300 ## - PHYSICAL DESCRIPTION
Extent xviii, 622 p., [4] p. of plates :
Other physical details ill. (some col.) ;
Dimensions 24 cm.
504 ## - BIBLIOGRAPHY, ETC. NOTE
Bibliography, etc Includes bibliographical references and index.
650 #0 - SUBJECT ADDED ENTRY--TOPICAL TERM
Topical term or geographic name as entry element Diagnosis, Laboratory.
650 #0 - SUBJECT ADDED ENTRY--TOPICAL TERM
Topical term or geographic name as entry element Medical laboratory technology.
650 12 - SUBJECT ADDED ENTRY--TOPICAL TERM
Topical term or geographic name as entry element Diagnosis, Laboratory.
650 12 - SUBJECT ADDED ENTRY--TOPICAL TERM
Topical term or geographic name as entry element Technology, Medical.
700 1# - ADDED ENTRY--PERSONAL NAME
Personal name Estridge, Barbara H.
700 1# - ADDED ENTRY--PERSONAL NAME
Personal name Reynolds, Anna P.
856 42 - ELECTRONIC LOCATION AND ACCESS
Materials specified Contributor biographical information
Uniform Resource Identifier <a href="http://www.loc.gov/catdir/enhancements/fy1514/95009991-b.html">http://www.loc.gov/catdir/enhancements/fy1514/95009991-b.html</a>
856 42 - ELECTRONIC LOCATION AND ACCESS
Materials specified Publisher description
Uniform Resource Identifier <a href="http://www.loc.gov/catdir/enhancements/fy1514/95009991-d.html">http://www.loc.gov/catdir/enhancements/fy1514/95009991-d.html</a>
856 41 - ELECTRONIC LOCATION AND ACCESS
Materials specified Table of contents only
Uniform Resource Identifier <a href="http://www.loc.gov/catdir/enhancements/fy1514/95009991-t.html">http://www.loc.gov/catdir/enhancements/fy1514/95009991-t.html</a>
906 ## - LOCAL DATA ELEMENT F, LDF (RLIN)
a 7
b cbc
c orignew
d 1
e ocip
f 19
g y-gencatlg
942 ## - ADDED ENTRY ELEMENTS (KOHA)
Source of classification or shelving scheme Dewey Decimal Classification
Koha item type Circ Books
Holdings
Withdrawn status Lost status Source of classification or shelving scheme Damaged status Not for loan Home library Current library Date acquired Total Checkouts Full call number Barcode Date last seen Price effective from Koha item type
    Dewey Decimal Classification     Wesley Powell Learning Resource Centre Wesley Powell Learning Resource Centre 12/15/2017   616.07'5/WAL 40343 12/15/2017 12/15/2017 Circ Books